MDQL
is popping MORE tags! Check the
thread
!
Quizzes
Events
Quiz Creation
Community
Videos
Private Events
Remove Ads
Sign In
Join for FREE
Feedback
Dark Mode
Quiz Categories
Sports
Geography
Music
Movies
Television
Just For Fun
Miscellaneous
History
Literature
Language
Science
Gaming
Entertainment
Religion
Holiday
For Kids
Quiz Lab
Recent
Popular Today
Quiz Kudos Today
Editor Picks
Curator Picks
Quizzes by...
Day
Popularity
Type
Ratings
Length
Year
Community
Subscriptions
Recent Discussions
Orange Saloon
Badges
Playlists
Quests
Create
Leaderboards
Showdown
Live 5
Trivia Bingo
Activity
Puzzle Library
Sporcle Events
Private Events
Virtual Trivia
Globe League
Become a Host
Pub Owners
SporcleCon
Opinionation
Our Games
Videos
Blog
Mobile Apps
Partnerships
Remove Ads and Go Orange
Feedback
Music
Pop Music
The Beatles
Song
Album
Lyrics
Bands
Singers
Artist
Clip
Rock
Rap
Classical
Billboard
Country Music
Kpop
Taylor Swift
Music
Pop Music
The Beatles
Song
Album
Lyrics
Bands
Singers
Artist
Clip
Rock
Rap
Classical
Billboard
Country Music
Kpop
Taylor Swift
Random Quiz
Search Sporcle
×
Quiz Lab
Quiz Lab
Music
Lyrics
Type in answers that appear in a list
Type in answers that appear in a list
Classic
Best Score? Go Orange.
Songs by opening lyrics Stats
Can you name the songs by opening lyrics?
By
aquabooks99
15m
35 Questions
43 Plays
43 Plays
43 Plays
Comments
Comments
Give Quiz Kudos
Give Quiz Kudos
-
- Ratings
hide this ad
More Info
Replay
Link that replays current quiz
Next Quiz
Link to next quiz in quiz playlist
You Got
0%
They Got
Avg Score
11%
Avg Friend Score
Upgrade to see
Score Distribution
Jump to the score distribution portion of the page
Score
0/35
Timer
15:00
0
Plays Today
opening lyrics
% Correct
I can't get my feet up off the edge
after midnight
39.5%
lights go out and I can't be saved.
clocks
34.9%
I've got a lot say to you, yeah I've got a lot to say
crushcrushcrush
30.2%
this town is colder now, I think it's sick of us
stop and stare
25.6%
daughter's father watches. quietly, we assume
enough for now
20.9%
I don't know you, but I know what you did to her
we build then we break
18.6%
The princess in her flowered dress pulled a jungle underground
kamikaze
18.6%
Take my hand, I'll teach you to dance
all about us
18.6%
high rise, veins of the avenue. Bright eyes in subtle variations of blue
rainbow veins
18.6%
We rode a prelude to our own fairytale
hot air balloon
16.3%
I know that i've been dancing around the truth
smelyalata
11.6%
those who are dead are not dead, they're just sleeping in my head
42
11.6%
love of mine, someday you will die
I will follow you into the dark
11.6%
when I was young, lying in the grass
no sunlight
9.3%
smeared black ink. Your palms are sweaty and I'm barely listening
the district sleeps alone
9.3%
How I wish you could see the potential, the potential of you and me
I will posess your heart
9.3%
I just wasted 10 seconds of your life
crayons can melt on us for all i care
9.3%
she screams when I'm away
your star
7%
opening lyrics
% Correct
he sits in his cell and he lays on his bed
kiss it better
7%
You speak to me. I know this will be temporary.
can't take it
7%
I'll be the grapes fermented, bottled and served
brand new colony
7%
I've got a hunger twisting my stomach into knots
the sound of settling
7%
you got me caught in all this mess.
blame it on the rain
7%
It's a backwards attraction to your forward eyes
your bruise
7%
you may tire of me as our december sun is setting
brothers on a hotel bed
7%
the atlantic was born today
transatlanticism
7%
I should warn you, things you're feeling aren't normal now
too far gone
4.7%
lying in a field of grass underneath the overpass
underneath the sycamore
4.7%
blank faced little girl your color's running down
kiss yourself goodbye
4.7%
the eiffle tower built to smaller scale, the freshest oxygen i'd ever inhale
little bribes
4.7%
there's a tear in the fabric of your favorite dress
lightness
4.7%
is there anybody out there that wakes up with a bitter taste?
top of the world
4.7%
spin round, tell me what to say
eyelash wishes
4.7%
you were so young, I guess I'm old.
the poison
4.7%
she may be young, but she only likes old things
monday morning
4.7%
Quiz Playlist
Details
Report
Send in Message
Add To Playlist
More Info:
These are random songs all found on my ipod...they don't really conform to a specific genre.
Classic:
Type in answers that appear in a list
Last Updated: Feb 16, 2017
Quiz Scoreboard
CHALLENGE
Sign Up to Join the Scoreboard
Show All
Scores
Hide
Comments
May contain spoilers
Recently Published
1-10 Letter E Words III
by El_Dandy
Language
2m
Street Fighter Characters
by Artimus82
Gaming
60s
College Basketball Coaching Resumes
by pancakes188
Sports
9m
More to Explore
Quiz From the Vault
Featured Blog Post
Where Did the Easter Bunny Come From?
hide this ad
You Might Also Like...
Tags
Lyrics Quiz
blink-182
Never Shout Never
Opening Lyrics
Owl City
paramore
Paramore Song
The Fray
Today's Top Quizzes in Music
Browse Music
hide this ad
Today's Top Quizzes in Lyrics
Browse Lyrics
Top Contributed Quizzes in Music
1
Taylor Swift All Songs (2024)
2
Taylor Swift Logic Puzzle
3
Guess the Artist- 70s Songs
4
7-to-1: Billboard Hot 100 #1 Hits of 2010s
5
Sorting Albums and Songs
6
Billboard Blitz: Aretha Franklin
7
KPOP LOGIC QUIZ
8
Guess the Taylor Swift song (Mystery Song)
9
Guess The Taylor Swift Lyrics Song #1
10
Billboard Blitz: ABBA
Explore More
Trending Topics
Anime
Crossword
Kpop
Disney
NBA
Marvel
Harry Potter
WWE
Song
Country
Soccer
NFL
The Office
Pokémon
Puzzle
hide this ad
More By:
aquabooks99
Quiz
Plays
Rating
Category
Featured
Created
Death Cab for Cutie Songs
144
2.33
Music
Nov 21, 2012
songs by opening lyrics
43
1.50
Music
Jul 24, 2012
Go to Creator's Profile
Score Distribution
Quiz Creator Spotlight
aquabooks99
Follow
Send a Message
Quizzes Created
-
Created Quiz Play Count
-
More By This Creator
Popular Quizzes Today
1
Find the US States - No Outlines Minefield
2
Find the Countries of Europe - No Outlines Minefield
3
The Countries of the World
4
Find the US States
5
Risky Map Clicking: Biggest States A-Z
6
US States
7
Popular People in 1961
8
Movies - When Are They Set?
More Music Quizzes
My Kpop Playlist
Quiz Lab
Trending Quizzes
Risky Map Clicking: Least Populous States A-Z
Billboard Blitz: Aretha Franklin
Famous Russians: Author or Composer?
Countries of the World: 200 Million BC
1-10 Letter G Words
Recently Updated
Leaping Animals
pecheneg
Reality TV Shows (A-Z)
bhenderson79
Rickey Henderson's Hall of Fame Teammates
pecheneg
Champions League XIs: Arsenal
pecheneg
Quick Pick: Celebrities in WWE's Hall of Fame
aduchscher
A-Z Keypad Blitz II
pecheneg
Multiple Oscar Actors
pecheneg
Mystery Phrase Blitz: Oscar 'Best Actors'
pecheneg
F. Scott Fitzgerald Novels
LTH
Pick 3 Villains
ddd62291
Trending Topics
NBA
Harry Potter
Marvel
Disney
Kpop
Anime
Crossword
Puzzle
The Office
NFL
Song
WWE
Soccer
Pokémon
Country
Your Account Isn't Verified!
In order to create a playlist on Sporcle, you need to verify the email address you used during registration. Go to your
Sporcle Settings
to finish the process.
Report this User
Report this user for behavior that violates our
Community Guidelines
.
Details:
Send Report
Go to the Sporcle.com Mobile Site →
Comments